The institutional economics of market-based climate policy /

The objective of this book is to analyze the institutional barriers to implementing market-based climate policy, as well as to provide some opportunities to overcome them. The approach is that of institutional economics, with special emphasis on political transaction costs and path dependence. Inste...

Full description

Bibliographic Details
Main Author: Woerdman, Edwin
Corporate Author: ScienceDirect (Online service)
Format: eBook
Language:English
Published: Amsterdam ; Boston : Elsevier, 2004.
Series:Developments in environmental economics ; v. 7.
Subjects:
Online Access:Connect to the full text of this electronic book

MARC

Tag First Indicator Second Indicator Subfields
LEADER 00000cam a2200000 a 4500
001 in00005731321
005 20260326150030.7
006 m o d
007 cr cn|||||||||
008 070802s2004 ne a ob 001 0 eng d
040 |a OPELS  |b eng  |e pn  |c OPELS  |d OPELS  |d OCLCQ  |d N$T  |d MERUC  |d E7B  |d CHRRO  |d IDEBK  |d TULIB  |d OCLCO  |d OCLCQ  |d OPELS  |d OCLCF  |d OCLCO  |d YDXCP  |d NRU  |d OCLCQ  |d EBLCP  |d OCLCQ  |d S3O  |d OCLCO  |d OCLCQ  |d FEM  |d DEBSZ  |d PHUST  |d OCLCQ  |d STF  |d D6H  |d NLE  |d OCLCQ  |d LEAUB  |d OL$  |d WURST  |d OCLCQ  |d S2H  |d OCLCO  |d OCLCQ  |d COM  |d OCLCO  |d OCLCQ  |d OCLCO  |d OCLCL  |d UKKRT  |d OCLCL 
019 |a 131084838  |a 154793093  |a 441776068  |a 648176220  |a 703856379  |a 718477502  |a 779918775  |a 968090775  |a 969023705  |a 989358946  |a 1035647340 
020 |a 9780444515735 
020 |a 0444515739 
020 |a 9780080473062  |q (electronic bk.) 
020 |a 0080473067  |q (electronic bk.) 
035 |a (OCoLC)162130109  |z (OCoLC)131084838  |z (OCoLC)154793093  |z (OCoLC)441776068  |z (OCoLC)648176220  |z (OCoLC)703856379  |z (OCoLC)718477502  |z (OCoLC)779918775  |z (OCoLC)968090775  |z (OCoLC)969023705  |z (OCoLC)989358946  |z (OCoLC)1035647340 
037 |a 107445:107481  |b Elsevier Science & Technology  |n http://www.sciencedirect.com 
050 4 |a HC79.P55  |b W647 2004eb 
072 7 |a GE  |2 lcco 
072 7 |a TEC  |x 010010  |2 bisacsh 
072 7 |a s1ur  |2 rero 
072 7 |a s2se  |2 rero 
082 0 4 |a 363.738746  |2 22 
049 |a TXAM 
100 1 |a Woerdman, Edwin. 
245 1 4 |a The institutional economics of market-based climate policy /  |c Edwin Woerdman. 
260 |a Amsterdam ;  |a Boston :  |b Elsevier,  |c 2004. 
300 |a 1 online resource (ix, 326 pages) :  |b illustrations 
336 |a text  |b txt  |2 rdacontent 
337 |a computer  |b c  |2 rdamedia 
338 |a online resource  |b cr  |2 rdacarrier 
347 |a text file 
490 1 |a Developments in environmental economics ;  |v 7 
520 |a The objective of this book is to analyze the institutional barriers to implementing market-based climate policy, as well as to provide some opportunities to overcome them. The approach is that of institutional economics, with special emphasis on political transaction costs and path dependence. Instead of rejecting the neoclassical approach, this book uses it where fruitful and shows when and why it is necessary to employ a new or neo-institutionalist approach. The result is that equity is considered next to efficiency, that the evolution and possible lock-in of both formal and informal climate institutions are studied, and that attention is paid to the politics and law of economic instruments for climate policy, including some new empirical analyses. The research topics of this book include the set-up costs of a permit trading system, the risk that credit trading becomes locked-in, the potential legal problem of grandfathering in terms of actional subsidies under WTO law or state aid under EC law, and the changing attitudes of various European officials towards restricting the use of the Kyoto Mechanisms. 
505 0 |a Part I. Institutional Economics. -- Part II. New Institutional Economics. -- Part III. Institutional Law and Economics. -- Part IV. Neo-institutional Economics. -- Part V. Conclusion. 
500 |a Updated and abridged version of dissertation. 
504 |a Includes bibliographical references (pages 291-314) and index. 
588 0 |a Print version record. 
650 0 |a Emissions trading  |x Economic aspects. 
650 0 |a Climatic changes  |x Government policy. 
650 0 |a Environmental economics. 
650 0 |a Environmental policy  |x Economic aspects. 
650 0 |a Law and economics. 
650 6 |a Échange de droits d'émission (Environnement)  |x Aspect économique. 
650 6 |a Économie de l'environnement. 
650 6 |a Environnement  |x Politique gouvernementale  |x Aspect économique. 
650 6 |a Droit et économie politique. 
650 7 |a TECHNOLOGY & ENGINEERING  |x Environmental  |x Pollution Control.  |2 bisacsh 
650 7 |a Climatic changes  |x Government policy  |2 fast 
650 7 |a Emissions trading  |x Economic aspects  |2 fast 
650 7 |a Environmental economics  |2 fast 
650 7 |a Environmental policy  |x Economic aspects  |2 fast 
650 7 |a Law and economics  |2 fast 
650 7 |a Miljöpolitik.  |2 sao 
650 7 |a Klimatförändringar.  |2 sao 
650 7 |a Ekonomiska incitament  |x miljöaspekter.  |2 sao 
653 0 0 |a klimaat 
653 0 0 |a climate 
653 0 0 |a milieubeleid 
653 0 0 |a environmental policy 
653 0 0 |a marktonderzoek 
653 0 0 |a market research 
653 0 0 |a marktplanning 
653 0 0 |a market planning 
653 0 0 |a institutionele economie 
653 0 0 |a institutional economics 
653 0 0 |a milieueconomie 
653 0 0 |a environmental economics 
653 1 0 |a Environmental Economics 
653 1 0 |a Milieu-economie 
655 7 |a Electronic books.  |2 local 
710 2 |a ScienceDirect (Online service) 
758 |i has work:  |a The institutional economics of market-based climate policy (Text)  |1 https://id.oclc.org/worldcat/entity/E39PCXTDx4JvttT6WV3XCvXhf3  |4 https://id.oclc.org/worldcat/ontology/hasWork 
776 0 8 |i Print version:  |a Woerdman, Edwin.  |t Institutional economics of market-based climate policy.  |d Amsterdam ; Boston : Elsevier, 2004  |z 0444515739  |z 9780444515735  |w (OCoLC)59265533 
830 0 |a Developments in environmental economics ;  |v v. 7. 
856 4 0 |u http://proxy.library.tamu.edu/login?url=https://www.sciencedirect.com/science/bookseries/09275207/7  |z Connect to the full text of this electronic book  |t 0 
955 |a Elsevier ScienceDirect 2026-2027 
994 |a 92  |b TXA 
999 f f |i dcddaff0-943e-4076-a980-957244294c58  |s 352a8677-7fae-4303-bb0a-9eeac3ba8105  |t 0 
952 f f |a Texas A&M University  |b College Station  |c Electronic Resources  |s www_evans  |d Available Online  |t 0  |e HC79.P55 W647 2004eb  |h Library of Congress classification 
998 f f |a HC79.P55 W647 2004eb  |t 0  |l Available Online